<?xml version="1.0" encoding="UTF-8"?>
<record
    xmlns:xsi="http://www.w3.org/2001/XMLSchema-instance"
    xsi:schemaLocation="http://www.loc.gov/MARC21/slim http://www.loc.gov/standards/marcxml/schema/MARC21slim.xsd"
    xmlns="http://www.loc.gov/MARC21/slim">

  <leader>01215nam a2200361 a 4500</leader>
  <controlfield tag="001">000110576</controlfield>
  <controlfield tag="003">CHAP</controlfield>
  <controlfield tag="005">20230323062614.0</controlfield>
  <controlfield tag="008">140911s2005    ck     |sf   |||||||spa d</controlfield>
  <datafield tag="010" ind1=" " ind2=" ">
    <subfield code="a">107038</subfield>
  </datafield>
  <datafield tag="011" ind1=" " ind2=" ">
    <subfield code="a">108010</subfield>
  </datafield>
  <datafield tag="040" ind1=" " ind2=" ">
    <subfield code="c">CHAP</subfield>
  </datafield>
  <datafield tag="090" ind1=" " ind2=" ">
    <subfield code="a">CD-400 v.2 </subfield>
  </datafield>
  <datafield tag="245" ind1="0" ind2="0">
    <subfield code="a">Compost</subfield>
    <subfield code="h">[DVD]</subfield>
    <subfield code="c">por Fundaci&#xF3;n Hogares Juveniles Campesinos; coordinador Luis Carlos Mu&#xF1;oz.</subfield>
  </datafield>
  <datafield tag="260" ind1=" " ind2=" ">
    <subfield code="a">Bogot&#xE1;, Col. :</subfield>
    <subfield code="b">Granita Ltda,</subfield>
    <subfield code="c">2005.</subfield>
  </datafield>
  <datafield tag="300" ind1=" " ind2=" ">
    <subfield code="a">1 DVD.</subfield>
  </datafield>
  <datafield tag="490" ind1="1" ind2=" ">
    <subfield code="a">Videoteca del campo</subfield>
    <subfield code="p">Granja Integral Autosuficiente</subfield>
  </datafield>
  <datafield tag="590" ind1=" " ind2=" ">
    <subfield code="a">E6096MTM</subfield>
    <subfield code="b">05</subfield>
    <subfield code="c">20140911</subfield>
    <subfield code="l">UCH01</subfield>
    <subfield code="h">1428</subfield>
  </datafield>
  <datafield tag="590" ind1=" " ind2=" ">
    <subfield code="a">E6096MTM</subfield>
    <subfield code="b">05</subfield>
    <subfield code="c">20140911</subfield>
    <subfield code="l">UCH01</subfield>
    <subfield code="h">1439</subfield>
  </datafield>
  <datafield tag="590" ind1=" " ind2=" ">
    <subfield code="a">E6096MTM</subfield>
    <subfield code="b">05</subfield>
    <subfield code="c">20140911</subfield>
    <subfield code="l">UCH01</subfield>
    <subfield code="h">1439</subfield>
  </datafield>
  <datafield tag="590" ind1=" " ind2=" ">
    <subfield code="a">E6096MTM</subfield>
    <subfield code="b">05</subfield>
    <subfield code="c">20140912</subfield>
    <subfield code="l">UCH01</subfield>
    <subfield code="h">0926</subfield>
  </datafield>
  <datafield tag="590" ind1=" " ind2=" ">
    <subfield code="a">E6096MTM</subfield>
    <subfield code="b">05</subfield>
    <subfield code="c">20140917</subfield>
    <subfield code="l">UCH01</subfield>
    <subfield code="h">1049</subfield>
  </datafield>
  <datafield tag="590" ind1=" " ind2=" ">
    <subfield code="a">E6096MTM</subfield>
    <subfield code="b">05</subfield>
    <subfield code="c">20140919</subfield>
    <subfield code="l">UCH01</subfield>
    <subfield code="h">1153</subfield>
  </datafield>
  <datafield tag="590" ind1=" " ind2=" ">
    <subfield code="a">E6096MTM</subfield>
    <subfield code="b">05</subfield>
    <subfield code="c">20140919</subfield>
    <subfield code="l">UCH01</subfield>
    <subfield code="h">1202</subfield>
  </datafield>
  <datafield tag="650" ind1="1" ind2="4">
    <subfield code="a">Abonos org&#xE1;nicos.</subfield>
    <subfield code="9">273</subfield>
  </datafield>
  <datafield tag="650" ind1="1" ind2="4">
    <subfield code="a">Compost.</subfield>
    <subfield code="9">26105</subfield>
  </datafield>
  <datafield tag="700" ind1="1" ind2=" ">
    <subfield code="a">Mu&#xF1;oz, Luis Carlos</subfield>
    <subfield code="e">coord.</subfield>
    <subfield code="9">128382</subfield>
  </datafield>
  <datafield tag="710" ind1="2" ind2=" ">
    <subfield code="a">Fundaci&#xF3;n Hogares Juveniles Campesinos</subfield>
    <subfield code="9">128381</subfield>
  </datafield>
  <datafield tag="830" ind1=" " ind2="0">
    <subfield code="a">Videoteca del campo</subfield>
    <subfield code="p">Granja Integral Autosuficiente </subfield>
    <subfield code="v">2</subfield>
    <subfield code="9">128383</subfield>
  </datafield>
  <datafield tag="901" ind1=" " ind2=" ">
    <subfield code="a">BK</subfield>
  </datafield>
  <datafield tag="942" ind1=" " ind2=" ">
    <subfield code="c">CD</subfield>
  </datafield>
  <datafield tag="942" ind1=" " ind2=" ">
    <subfield code="n">0</subfield>
  </datafield>
  <datafield tag="999" ind1=" " ind2=" ">
    <subfield code="c">107038</subfield>
    <subfield code="d">107038</subfield>
  </datafield>
  <datafield tag="952" ind1=" " ind2=" ">
    <subfield code="0">0</subfield>
    <subfield code="1">0</subfield>
    <subfield code="4">0</subfield>
    <subfield code="5">4</subfield>
    <subfield code="7">1</subfield>
    <subfield code="8">MM</subfield>
    <subfield code="a">BC</subfield>
    <subfield code="b">BC</subfield>
    <subfield code="d">2014-09-11</subfield>
    <subfield code="f">CD</subfield>
    <subfield code="l">0</subfield>
    <subfield code="o">CD-400 v.2</subfield>
    <subfield code="p">33724002426975</subfield>
    <subfield code="r">2019-12-31 00:00:00</subfield>
    <subfield code="w">2019-12-31</subfield>
    <subfield code="y">CD</subfield>
    <subfield code="z">Recien adquirido</subfield>
  </datafield>
</record>
